[Event "Stay Safe Play From Home 205"]
[Site "T#646634Emanuel Laske"]
[Date "2020.06.07"]
[Round "6"]
[White "Sfantul321"]
[Black "Haxhi Baha"]
[Result "1-0"]
[WhiteElo "1992"]
[BlackElo "2023"]
[Annotator "NA RC"]
[PlyCount "103"]
[EventDate "2020.06.07"]
[EventType "swiss (blitz)"]

1. c4 {[%emt 0:00:01]} e6 {[%emt 0:00:01]} 2. Nc3 {[%emt 0:00:00]} d5 {[%emt 0:00:00]} 3. cxd5 {[%emt 0:00:00]} exd5 {[%emt 0:00:01]} 4. d4 {[%emt 0:00:00]} c6 {[%emt 0:00:00]} 5. Nf3 {[%emt 0:00:00]} Nf6 {[%emt 0:00:00]} 6. Bg5 {[%emt 0:00:01]} Bd6 {[%emt 0:00:00]} 7. e3 {[%emt 0:00:01]} O-O {[%emt 0:00:01]} 8. h3 {[%emt 0:00:00]} h6 {[%emt 0:00:00]} 9. Bh4 {[%emt 0:00:01]} Bf5 {[%emt 0:00:00]} 10. Bd3 {[%emt 0:00:01]} Bxd3 {[%emt 0:00:01]} 11. Qxd3 {[%emt 0:00:01]} Nbd7 {[%emt 0:00:00]} 12. O-O {[%emt 0:00:01]} Re8 {[%emt 0:00:01]} 13. Rfe1 {[%emt 0:00:01]} Qc7 {[%emt 0:00:00]} 14. Bxf6 {[%emt 0:00:01]} Nxf6 {[%emt 0:00:01]} 15. e4 {[%emt 0:00:01]} dxe4 {[%emt 0:00:01]} 16. Nxe4 {[%emt 0:00:01]} Nxe4 {[%emt 0:00:01]} 17. Rxe4 {[%emt 0:00:02]} Rxe4 {[%emt 0:00:01]} 18. Qxe4 {[%emt 0:00:00]} Qd7 {[%emt 0:00:01]} 19. Re1 {[%emt 0:00:01]} Bb4 {[%emt 0:00:01]} 20. Re2 {[%emt 0:00:01]} Kf8 {[%emt 0:00:01]} 21. a3 {[%emt 0:00:01]} Bd6 {[%emt 0:00:04]} 22. Qh7 {[%emt 0:00:01]} f6 {[%emt 0:00:13]} 23. Nh4 {[%emt 0:00:02]} Kf7 {[%emt 0:00:01]} 24. Qg6+ {[%emt 0:00:01]} Kg8 {[%emt 0:00:01]} 25. Nf5 {[%emt 0:00:01]} Kh8 {[%emt 0:00:05]} 26. Re6 {[%emt 0:00:04]} Bc7 {[%emt 0:00:03]} 27. Re7 {[%emt 0:00:01]} Qxe7 {[%emt 0:00:05]} 28. Nxe7 {[%emt 0:00:01]} Bd6 {[%emt 0:00:02]} 29. Nf5 {[%emt 0:00:01]} Bf8 {[%emt 0:00:00]} 30. Qf7 {[%emt 0:00:01]} Kh7 {[%emt 0:00:01]} 31. Qxb7 {[%emt 0:00:02]} Rd8 {[%emt 0:00:01]} 32. Qxc6 {[%emt 0:00:01]} Rb8 {[%emt 0:00:02]} 33. Qc2 {[%emt 0:00:01]} Kg8 {[%emt 0:00:02]} 34. b4 {[%emt 0:00:01]} Kh8 {[%emt 0:00:00]} 35. d5 {[%emt 0:00:01]} a5 {[%emt 0:00:00]} 36. d6 {[%emt 0:00:01]} axb4 {[%emt 0:00:00]} 37. axb4 {[%emt 0:00:00]} Rxb4 {[%emt 0:00:02]} 38. Qc8 {[%emt 0:00:01]} Rb1+ {[%emt 0:00:01]} 39. Kh2 {[%emt 0:00:01]} Kh7 {[%emt 0:00:00]} 40. Qd8 {[%emt 0:00:01]} Kg6 {[%emt 0:00:00]} 41. Qxf8 {[%emt 0:00:02]} Kxf5 {[%emt 0:00:01]} 42. d7 {[%emt 0:00:00]} Rd1 {[%emt 0:00:00]} 43. d8=Q {[%emt 0:00:01]} Rxd8 {[%emt 0:00:00]} 44. Qxd8 {[%emt 0:00:00]} Kg6 {[%emt 0:00:00]} 45. g4 {[%emt 0:00:01]} Kh7 {[%emt 0:00:00]} 46. Qd7 {[%emt 0:00:00]} h5 {[%emt 0:00:00]} 47. f4 {[%emt 0:00:00]} Kh6 {[%emt 0:00:00]} 48. h4 {[%emt 0:00:01]} hxg4 {[%emt 0:00:00]} 49. Qxg4 {[%emt 0:00:01]} g5 {[%emt 0:00:00]} 50. fxg5+ {[%emt 0:00:01]} fxg5 {[%emt 0:00:00]} 51. Qxg5+ {[%emt 0:00:00]} Kh7 {[%emt 0:00:00]} 52. h5 {[%emt 0:00:01] (Lag: Av=0.85s, max=1.4s)} 1-0

[Event "Stay Safe Play From Home 205"]
[Site "T#646634Emanuel Laske"]
[Date "2020.06.07"]
[Round "6"]
[White "EL sanbary"]
[Black "Edmatuag"]
[Result "1-0"]
[WhiteElo "1863"]
[BlackElo "1707"]
[Annotator "NA RC"]
[PlyCount "45"]
[EventDate "2020.06.07"]
[EventType "swiss (blitz)"]

1. c4 {[%emt 0:00:01]} c5 {[%emt 0:00:02]} 2. g3 {[%emt 0:00:01]} Nf6 {[%emt 0:00:00]} 3. Bg2 {[%emt 0:00:01]} Nc6 {[%emt 0:00:00]} 4. Nc3 {[%emt 0:00:01]} g6 {[%emt 0:00:00]} 5. e4 {[%emt 0:00:01]} Bg7 {[%emt 0:00:01]} 6. Nge2 {[%emt 0:00:00]} d6 {[%emt 0:00:01]} 7. O-O {[%emt 0:00:00]} Bg4 {[%emt 0:00:01]} 8. d3 {[%emt 0:00:00]} Qd7 {[%emt 0:00:01]} 9. Be3 {[%emt 0:00:01]} Bh3 {[%emt 0:00:01]} 10. Qd2 {[%emt 0:00:01]} Qg4 {[%emt 0:00:03]} 11. f3 {[%emt 0:00:02]} Qd7 {[%emt 0:00:08]} 12. Rf2 {[%emt 0:00:01]} Bxg2 {[%emt 0:00:01]} 13. Kxg2 {[%emt 0:00:00]} h5 {[%emt 0:00:01]} 14. Nd5 {[%emt 0:00:02]} h4 {[%emt 0:00:06]} 15. g4 {[%emt 0:00:03]} h3+ {[%emt 0:00:02]} 16. Kh1 {[%emt 0:00:01]} Nxd5 {[%emt 0:00:07]} 17. cxd5 {[%emt 0:00:02]} Ne5 {[%emt 0:00:03]} 18. b3 {[%emt 0:00:03]} Rc8 {[%emt 0:00:05]} 19. Raf1 {[%emt 0:00:02]} e6 {[%emt 0:00:06]} 20. dxe6 {[%emt 0:00:02]} fxe6 {[%emt 0:00:02]} 21. d4 {[%emt 0:00:01]} cxd4 {[%emt 0:00:04]} 22. Nxd4 {[%emt 0:00:01]} Nc6 {[%emt 0:00:04]} 23. Nxc6 {[%emt 0:00:01] Time (Lag: Av=0.47s, max=0.7s)} 1-0

[Event "Stay Safe Play From Home 205"]
[Site "T#646634Emanuel Laske"]
[Date "2020.06.07"]
[Round "6"]
[White "Haris kollari 13"]
[Black "Möwe"]
[Result "1-0"]
[WhiteElo "1636"]
[BlackElo "1466"]
[Annotator "NA RC"]
[PlyCount "83"]
[EventDate "2020.06.07"]
[EventType "swiss (blitz)"]

1. e4 {[%emt 0:00:01]} d5 {[%emt 0:00:01]} 2. exd5 {[%emt 0:00:01]} Qxd5 {[%emt 0:00:00]} 3. c4 {[%emt 0:00:01]} Qe5+ {[%emt 0:00:01]} 4. Qe2 {[%emt 0:00:01]} Qxe2+ {[%emt 0:00:02]} 5. Bxe2 {[%emt 0:00:01]} Nf6 {[%emt 0:00:00]} 6. d4 {[%emt 0:00:01]} e5 {[%emt 0:00:01]} 7. d5 {[%emt 0:00:01]} Bc5 {[%emt 0:00:02]} 8. Be3 {[%emt 0:00:01]} Bxe3 {[%emt 0:00:01]} 9. fxe3 {[%emt 0:00:01]} O-O {[%emt 0:00:02]} 10. e4 {[%emt 0:00:01]} Nxe4 {[%emt 0:00:01]} 11. Bf3 {[%emt 0:00:01]} Nf6 {[%emt 0:00:01]} 12. Ne2 {[%emt 0:00:01]} e4 {[%emt 0:00:01]} 13. Nbc3 {[%emt 0:00:03]} exf3 {[%emt 0:00:02]} 14. gxf3 {[%emt 0:00:00]} Bh3 {[%emt 0:00:02]} 15. Kf2 {[%emt 0:00:01]} Nbd7 {[%emt 0:00:02]} 16. Nf4 {[%emt 0:00:02]} Ne5 {[%emt 0:00:02]} 17. Nxh3 {[%emt 0:00:02]} Nxc4 {[%emt 0:00:00]} 18. Ne4 {[%emt 0:00:02]} Nxd5 {[%emt 0:00:02]} 19. Rac1 {[%emt 0:00:01]} Nd6 {[%emt 0:00:04]} 20. Rhd1 {[%emt 0:00:03]} c6 {[%emt 0:00:02]} 21. Nxd6 {[%emt 0:00:01]} Rad8 {[%emt 0:00:02]} 22. Nxb7 {[%emt 0:00:01]} Rd7 {[%emt 0:00:01]} 23. Nc5 {[%emt 0:00:01]} Re7 {[%emt 0:00:01]} 24. Ne4 {[%emt 0:00:01]} f5 {[%emt 0:00:01]} 25. Ng3 {[%emt 0:00:03]} f4 {[%emt 0:00:01]} 26. Ne4 {[%emt 0:00:01]} h6 {[%emt 0:00:02]} 27. Rxc6 {[%emt 0:00:01]} Ne3 {[%emt 0:00:01]} 28. Rd3 {[%emt 0:00:01]} Nf5 {[%emt 0:00:01]} 29. Nxf4 {[%emt 0:00:02]} g5 {[%emt 0:00:02]} 30. Ng6 {[%emt 0:00:01]} Kg7 {[%emt 0:00:01]} 31. Nxe7 {[%emt 0:00:01]} Nxe7 {[%emt 0:00:01]} 32. Rc7 {[%emt 0:00:01]} Rf7 {[%emt 0:00:01]} 33. Rdd7 {[%emt 0:00:01]} g4 {[%emt 0:00:06]} 34. Rxe7 {[%emt 0:00:02]} Rxe7 {[%emt 0:00:01]} 35. Rxe7+ {[%emt 0:00:01]} Kg6 {[%emt 0:00:00]} 36. fxg4 {[%emt 0:00:01]} h5 {[%emt 0:00:02]} 37. h3 {[%emt 0:00:01]} hxg4 {[%emt 0:00:01]} 38. hxg4 {[%emt 0:00:01]} a5 {[%emt 0:00:01]} 39. Kf3 {[%emt 0:00:01]} a4 {[%emt 0:00:01]} 40. Re6+ {[%emt 0:00:01]} Kf7 {[%emt 0:00:02]} 41. Rf6+ {[%emt 0:00:01]} Ke7 {[%emt 0:00:01]} 42. a3 {[%emt 0:00:00] (Lag: Av=0.52s, max=1.1s)} 1-0

[Event "Stay Safe Play From Home 205"]
[Site "T#646634Emanuel Laske"]
[Date "2020.06.07"]
[Round "6"]
[White "Trotsky"]
[Black "SoulofWolf"]
[Result "0-1"]
[WhiteElo "1578"]
[BlackElo "2165"]
[Annotator "TA"]
[PlyCount "64"]
[EventDate "2020.06.07"]
[EventType "swiss (blitz)"]

{[%evp 11,64,10,7,-8,-15,-43,-31,-220,-222,-231,-233,-233,-227,-225,-227,-312,-322,-323,-302,-358,-375,-480,-372,-422,-346,-361,-254,-463,-375,-361,-260,-311,-301,-510,-509,-527,-541,-541,-541,-533,-450,-450,-454,-484,-489,-658,-640,-819,-805,-1179,-1170,-29988,-29980,-29991,-29992]} 1. d4 e6 2. e3 Nf6 3. c4 d5 4. Nc3 c6 5. Nf3 Nbd7 6. Qc2 Bd6 7. c5 {D45: Semi-Slav: 5 e3.} Bc7 8. Bd3 e5 {[#]} 9. h4 $146 {[#]} (9. Nxe5 $15 Bxe5 10. dxe5 Nxe5 11. O-O) ({Predecessor:} 9. e4 exd4 10. Nxd4 Nxc5 11. exd5 Nxd3+ 12. Qxd3 Nxd5 13. Qe4+ Qe7 14. Qxe7+ Nxe7 15. O-O O-O {0-1 (30) Walker,G (1611)-Quayle,G (1421) Douglas 2017}) 9... e4 $19 10. Nxe4 dxe4 11. Bxe4 Nxe4 12. Qxe4+ Qe7 13. Qd3 Nf6 14. Bd2 g6 15. O-O-O Bf5 16. Qc4 Ne4 17. Rdf1 Be6 18. Qd3 Bxa2 {...Bd5 is the strong threat.} 19. Ng5 $2 (19. b3 {is the only way for White.} b6 20. Qc2) 19... Nxg5 20. hxg5 {If only White now had time for b3....} Bd5 ({Not} 20... Qxg5 21. b3 $17) 21. f3 b5 {aiming for ...Bc4.} 22. e4 $2 (22. Re1 {keeps fighting.}) 22... Bc4 {[%mdl 64] [#] Skewer} 23. Qc2 Bxf1 24. Rxf1 Rd8 25. Be3 f6 26. gxf6 Qxf6 27. Qb3 Qf7 28. d5 O-O 29. Bd4 cxd5 30. Rh1 dxe4 31. Qe3 exf3 32. gxf3 Bf4 {White did not feel at home in the position after the opening. Accuracy: White = 23%, Black = 65%.} 0-1

[Event "Stay Safe Play From Home 205"]
[Site "T#646634Emanuel Laske"]
[Date "2020.06.07"]
[Round "6"]
[White "Cubail"]
[Black "Mandy"]
[Result "1-0"]
[WhiteElo "1378"]
[BlackElo "934"]
[Annotator "NA RC"]
[PlyCount "21"]
[EventDate "2020.06.07"]
[EventType "swiss (blitz)"]

1. f4 {[%emt 0:00:27]} c6 {[%emt 0:00:02]} 2. e4 {[%emt 0:00:01]} Nf6 {[%emt 0:00:01]} 3. e5 {[%emt 0:00:02]} Nd5 {[%emt 0:00:06]} 4. d4 {[%emt 0:00:01]} e6 {[%emt 0:00:02]} 5. Nf3 {[%emt 0:00:01]} Bb4+ {[%emt 0:00:02]} 6. c3 {[%emt 0:00:03]} Ba5 {[%emt 0:00:04]} 7. Bd3 {[%emt 0:00:03]} f6 {[%emt 0:00:06]} 8. Nbd2 {[%emt 0:00:03]} fxe5 {[%emt 0:00:04]} 9. Nxe5 {[%emt 0:00:04]} d6 {[%emt 0:00:03]} 10. Qh5+ {[%emt 0:00:02]} Kf8 {[%emt 0:00:08]} 11. Qf7# {[%emt 0:00:02] (Lag: Av=0.42s, max=0.5s)} 1-0

[Event "Stay Safe Play From Home 205"]
[Site "T#646634Emanuel Laske"]
[Date "2020.06.07"]
[Round "7"]
[White "Mepe_Nika"]
[Black "Sfantul321"]
[Result "1-0"]
[WhiteElo "2354"]
[BlackElo "2011"]
[Annotator "NA RC"]
[PlyCount "59"]
[EventDate "2020.06.07"]
[EventType "swiss (blitz)"]

1. d4 {[%emt 0:00:01]} g6 {[%emt 0:00:00]} 2. Bf4 {[%emt 0:00:02]} Bg7 {[%emt 0:00:00]} 3. e3 {[%emt 0:00:00]} d6 {[%emt 0:00:01]} 4. c4 {[%emt 0:00:01]} Nf6 {[%emt 0:00:00]} 5. Nc3 {[%emt 0:00:01]} O-O {[%emt 0:00:00]} 6. Nf3 {[%emt 0:00:01]} Bg4 {[%emt 0:00:01]} 7. Be2 {[%emt 0:00:01]} Nc6 {[%emt 0:00:01]} 8. h3 {[%emt 0:00:01]} Bxf3 {[%emt 0:00:01]} 9. Bxf3 {[%emt 0:00:00]} Re8 {[%emt 0:00:00]} 10. O-O {[%emt 0:00:02]} e5 {[%emt 0:00:01]} 11. Bxc6 {[%emt 0:00:01]} exf4 {[%emt 0:00:02]} 12. Bxe8 {[%emt 0:00:02]} Qxe8 {[%emt 0:00:01]} 13. exf4 {[%emt 0:00:01]} Qc6 {[%emt 0:00:02]} 14. b3 {[%emt 0:00:01]} Re8 {[%emt 0:00:02]} 15. Re1 {[%emt 0:00:02]} Rf8 {[%emt 0:00:01]} 16. d5 {[%emt 0:00:02]} Qd7 {[%emt 0:00:01]} 17. Qd3 {[%emt 0:00:01]} a6 {[%emt 0:00:01]} 18. Re3 {[%emt 0:00:01]} Nh5 {[%emt 0:00:01]} 19. Rae1 {[%emt 0:00:01]} Nxf4 {[%emt 0:00:01]} 20. Qd2 {[%emt 0:00:01]} Be5 {[%emt 0:00:02]} 21. Rxe5 {[%emt 0:00:02]} dxe5 {[%emt 0:00:01]} 22. Rxe5 {[%emt 0:00:00]} Qd6 {[%emt 0:00:01]} 23. Qxf4 {[%emt 0:00:01]} f6 {[%emt 0:00:01]} 24. Re4 {[%emt 0:00:01]} Qb4 {[%emt 0:00:01]} 25. Re3 {[%emt 0:00:03]} Qc5 {[%emt 0:00:02]} 26. Qe4 {[%emt 0:00:01]} Kg7 {[%emt 0:00:01]} 27. Qe7+ {[%emt 0:00:01]} Qxe7 {[%emt 0:00:01]} 28. Rxe7+ {[%emt 0:00:00]} Rf7 {[%emt 0:00:00]} 29. Rxf7+ {[%emt 0:00:01]} Kxf7 {[%emt 0:00:01]} 30. f4 {[%emt 0:00:01] Sfantul321 resigns (Lag: Av=0.28s, max=0.9s)} 1-0

[Event "Stay Safe Play From Home 205"]
[Site "T#646634Emanuel Laske"]
[Date "2020.06.07"]
[Round "7"]
[White "SoulofWolf"]
[Black "Lazieri3"]
[Result "1-0"]
[WhiteElo "2166"]
[BlackElo "2039"]
[Annotator "TA"]
[PlyCount "81"]
[EventDate "2020.06.07"]
[EventType "swiss (blitz)"]

{[%evp 9,81,-20,-9,-11,-12,-27,-10,-10,17,-57,-45,-94,5,3,33,0,173,58,79,57,84,71,233,227,229,203,278,287,293,296,279,353,355,232,347,339,438,473,872,291,825,825,799,753,871,784,861,418,522,368,1050,613,29990,380,847,245,269,148,557,555,977,-1425,-1422,-1441,-1428,-1611,-1603,-2631,-1418,-6644,-879,-6002,-5838,-29993]} 1. Nf3 c6 2. d4 d5 3. Bg5 Bf5 {[#]} 4. Bh4 $146 ({Predecessor:} 4. e3 Nd7 5. c4 Ngf6 6. cxd5 cxd5 7. Nc3 Ne4 8. Nxe4 Bxe4 9. Nd2 Bg6 10. Qb3 f6 11. Bf4 e5 12. Bg3 exd4 13. exd4 {½-½ (90) Andreikin,D (2743)-Wen,Y (2611) Moscow 2016}) 4... Qb6 5. b3 e6 6. c3 {D00: 1 d4 d5: Unusual lines.} Be7 7. Nbd2 Bxh4 8. Nxh4 {The position is equal.} Bg6 9. f3 ({White should play} 9. e3 $11) 9... Ne7 $15 10. e4 dxe4 ({Better is} 10... O-O $17 11. Qe2 (11. Nxg6 hxg6 12. Qe2 Nd7 $15) 11... Nd7) 11. fxe4 $11 Nd7 12. Bd3 Nf6 $2 {[#]} (12... c5 $11 {and Black is okay.}) 13. O-O (13. Nc4 $1 $18 {[%cal Rc4b6]} Qc7 14. e5) 13... Qc7 14. Qe2 O-O-O 15. Nc4 b5 $2 (15... Kb8 $16) 16. Ne5 $18 Rhf8 17. b4 a6 18. a4 Nd7 19. Nef3 Kb7 20. axb5 cxb5 21. Ra5 Nc6 (21... Nb6 $142 22. Rfa1 Ra8) 22. Ra3 Ncb8 23. Rfa1 Nb6 (23... Qc6 $142 24. c4 bxc4) 24. Ne5 $2 (24. Nxg6 hxg6 {[#]} 25. Bxb5 $1 {[%mdl 512]}) 24... Nc4 $2 (24... Kc8 25. Bxb5 axb5 26. Nhxg6 hxg6 27. Qxb5 Rd7 28. Nxd7 N6xd7) 25. Bxc4 bxc4 26. Nxc4 Rc8 27. Na5+ Ka7 28. Qf2 (28. b5 $142) 28... Qb6 29. c4 Qxb4 $2 (29... Bxe4 30. b5 Rfd8) 30. Ra4 Qc3 31. c5 $2 (31. d5+ {mates} Ka8 32. Qb6 Qe3+ 33. Qxe3 Nd7 34. Nc6 Rxc6 35. dxc6 f6 36. cxd7 Kb7 37. Qc5 Bxe4 38. Rxa6 Rh8 39. Qb6#) 31... Rfd8 $2 (31... Bxe4 32. Nf3 Rfd8) 32. Nf3 $2 (32. Nxg6 fxg6 33. Qf7+ Rd7 34. Qxe6) 32... Bxe4 33. Nd2 (33. Ne1 $18) 33... Ba8 $2 {[%mdl 8192]} (33... Bd5 $16 {is tougher.}) 34. c6 Rd5 35. Rc4 $4 {[%mdl 8192]} (35. Ne4 $18 Qd3 36. Qxf7+ {[%mdl 64] Double Attack} Rd7 37. cxd7 Qe3+ 38. Kf1 Qd3+ 39. Kg1 Qe3+ 40. Kf1 Qd3+ 41. Kg1) 35... Qxa1+ $19 {Black is clearly winning.} 36. Nf1 Qxa5 37. Rc1 Rxc6 38. Re1 Rc3 {White must now prevent ...Rf5.} 39. h3 Rxd4 40. Ne3 Qb6 41. Nc2 {[%mdl 32768] Accuracy: White = 35%, Black = 19%. . Loss on time!?} 1-0

[Event "Stay Safe Play From Home 205"]
[Site "T#646634Emanuel Laske"]
[Date "2020.06.07"]
[Round "7"]
[White "Fischer_11"]
[Black "EL sanbary"]
[Result "0-1"]
[WhiteElo "2081"]
[BlackElo "1873"]
[Annotator "NA RC"]
[PlyCount "76"]
[EventDate "2020.06.07"]
[EventType "swiss (blitz)"]

1. e4 {[%emt 0:00:01]} c5 {[%emt 0:00:01]} 2. c3 {[%emt 0:00:01]} g6 {[%emt 0:00:01]} 3. d4 {[%emt 0:00:01]} cxd4 {[%emt 0:00:00]} 4. cxd4 {[%emt 0:00:00]} d5 {[%emt 0:00:01]} 5. exd5 {[%emt 0:00:00]} Bg7 {[%emt 0:00:02]} 6. Nc3 {[%emt 0:00:00]} Nf6 {[%emt 0:00:01]} 7. Nf3 {[%emt 0:00:00]} Nxd5 {[%emt 0:00:01]} 8. Bg5 {[%emt 0:00:00]} Nxc3 {[%emt 0:00:03]} 9. bxc3 {[%emt 0:00:00]} O-O {[%emt 0:00:01]} 10. Bd3 {[%emt 0:00:03]} Nc6 {[%emt 0:00:01]} 11. O-O {[%emt 0:00:02]} Bg4 {[%emt 0:00:01]} 12. Re1 {[%emt 0:00:01]} Re8 {[%emt 0:00:02]} 13. h3 {[%emt 0:00:01]} Bxf3 {[%emt 0:00:01]} 14. Qxf3 {[%emt 0:00:00]} Qd7 {[%emt 0:00:01]} 15. Bb5 {[%emt 0:00:03]} a6 {[%emt 0:00:02]} 16. Ba4 {[%emt 0:00:02]} b5 {[%emt 0:00:02]} 17. Bb3 {[%emt 0:00:00]} e6 {[%emt 0:00:01]} 18. a4 {[%emt 0:00:01]} Na5 {[%emt 0:00:01]} 19. Bc2 {[%emt 0:00:08]} Nc4 {[%emt 0:00:03]} 20. axb5 {[%emt 0:00:01]} axb5 {[%emt 0:00:01]} 21. Be4 {[%emt 0:00:01]} Rxa1 {[%emt 0:00:02]} 22. Rxa1 {[%emt 0:00:00]} Nd6 {[%emt 0:00:03]} 23. Bd3 {[%emt 0:00:02]} Rb8 {[%emt 0:00:04]} 24. Bf4 {[%emt 0:00:03]} Rd8 {[%emt 0:00:03]} 25. Qg3 {[%emt 0:00:02]} Nf5 {[%emt 0:00:01]} 26. Qf3 {[%emt 0:00:02]} h5 {[%emt 0:00:02]} 27. Be4 {[%emt 0:00:01]} Nxd4 {[%emt 0:00:02]} 28. cxd4 {[%emt 0:00:02]} Qxd4 {[%emt 0:00:00]} 29. Re1 {[%emt 0:00:02]} b4 {[%emt 0:00:01]} 30. Bb7 {[%emt 0:00:03]} Qc4 {[%emt 0:00:02]} 31. Be5 {[%emt 0:00:02]} Bxe5 {[%emt 0:00:03]} 32. Rxe5 {[%emt 0:00:00]} b3 {[%emt 0:00:01]} 33. Re4 {[%emt 0:00:02]} Qc1+ {[%emt 0:00:01]} 34. Kh2 {[%emt 0:00:02]} b2 {[%emt 0:00:00]} 35. Rb4 {[%emt 0:00:01]} b1=Q {[%emt 0:00:01]} 36. Rb2 {[%emt 0:00:00]} Qbxb2 {[%emt 0:00:01]} 37. Qg3 {[%emt 0:00:01]} Qbb1 {[%emt 0:00:02]} 38. Bf3 {[%emt 0:00:00]} Qh1# {[%emt 0:00:01] (Lag: Av=0.33s, max=0.5s)} 0-1

[Event "Stay Safe Play From Home 205"]
[Site "T#646634Emanuel Laske"]
[Date "2020.06.07"]
[Round "7"]
[White "Haxhi Baha"]
[Black "Rogan"]
[Result "0-1"]
[WhiteElo "2005"]
[BlackElo "2139"]
[Annotator "TA"]
[PlyCount "44"]
[EventDate "2020.06.07"]
[EventType "swiss (blitz)"]

{[%evp 9,43,6,71,3,27,31,66,66,62,59,79,29,100,35,31,29,77,0,39,-74,-64,-257,128,120,286,190,166,41,44,0,114,118,147,-86,0,-29999]} 1. e4 d5 2. exd5 Nf6 3. Nc3 Nxd5 4. Qf3 Nxc3 5. dxc3 g6 {[#]} (5... e5 $11) 6. Bd3 $146 {B02: Alekhine's Defence: Chase Variation and lines with early Nc3.} (6. Bc4 $16 e6 7. Qe4) ({Predecessor:} 6. Bc4 e6 7. Ne2 Bg7 8. h4 Nd7 9. Qg3 Nf6 10. f3 O-O 11. Bd2 Qe7 12. O-O-O {1-0 (33) Ilic,A (2000)-Konstantinou,P Durham 2007}) 6... Bg7 7. Bg5 Nc6 8. O-O-O $1 {aiming for Bc4!White is slightly better.} Bd7 $1 9. Qg3 $40 {[%mdl 128] Black needs to defend precisely.} Ne5 10. Be4 Qc8 (10... c6 $11 {remains equal.}) 11. f4 (11. Nf3 $16 Nxf3 12. Bxf3 (12. Qxf3 c6 $11)) 11... Nc4 $14 12. Nf3 O-O 13. h4 Bf5 14. Bxf5 (14. Bd3 $1 $14 {is the one way to stay ahead.} Qe6 15. Nd4 Bxd4 16. cxd4) 14... Qxf5 $17 15. h5 $2 (15. Ne5 $15 Nxe5 16. fxe5) 15... Ne3 $2 ({Black should play} 15... Qa5 $1 $19 {[%cal Ra5a2]} 16. Nd2 Nxd2 17. Kxd2 Rfd8+ 18. Ke3 Qb6+ 19. Kf3 Qxb2) 16. Rd3 $16 Ng4 $2 (16... Qg4 $16 {might work better.} 17. Qxg4 (17. Qh2 Nf5 $16) 17... Nxg4) 17. hxg6 ({And not} 17. Bxe7 Rfe8 $11) 17... fxg6 {[#]} 18. Nd4 ({White has to play} 18. Nh4 $1 $18 {[%cal Rh4f5]} Qc8 19. Bxe7) 18... Bxd4 $1 $14 19. Rxd4 h5 (19... Rae8 $11 {keeps the balance.}) 20. Bxe7 $16 Rfe8 21. Bg5 $2 {[#]} (21. Re1 $16 {is necessary to keep the advantage.}) 21... Re2 (21... Re3 $1 $17 {[%cal Re3g3]} 22. Qh4 Re2 {[%mdl 64] Double Attack}) 22. Rd5 $2 {[%mdl 8192]} (22. Qd3 $11 Qxd3 23. cxd3) 22... Qxc2# {Accuracy: White = 23%, Black = 39%.} 0-1

[Event "Stay Safe Play From Home 205"]
[Site "T#646634Emanuel Laske"]
[Date "2020.06.07"]
[Round "7"]
[White "Haris kollari 13"]
[Black "Trotsky"]
[Result "1-0"]
[WhiteElo "1646"]
[BlackElo "1577"]
[Annotator "NA RC"]
[PlyCount "75"]
[EventDate "2020.06.07"]
[EventType "swiss (blitz)"]

1. e4 {[%emt 0:00:01]} c5 {[%emt 0:00:01]} 2. f4 {[%emt 0:00:01]} e6 {[%emt 0:00:00]} 3. Nf3 {[%emt 0:00:00]} d5 {[%emt 0:00:01]} 4. e5 {[%emt 0:00:01]} Nc6 {[%emt 0:00:01]} 5. c3 {[%emt 0:00:00]} Qc7 {[%emt 0:00:01]} 6. d4 {[%emt 0:00:01]} Bd7 {[%emt 0:00:01]} 7. Be3 {[%emt 0:00:01]} c4 {[%emt 0:00:01]} 8. Be2 {[%emt 0:00:02]} O-O-O {[%emt 0:00:01]} 9. Nbd2 {[%emt 0:00:01]} f6 {[%emt 0:00:01]} 10. Qc2 {[%emt 0:00:01]} fxe5 {[%emt 0:00:01]} 11. fxe5 {[%emt 0:00:01]} h5 {[%emt 0:00:05]} 12. O-O {[%emt 0:00:01]} Nf6 {[%emt 0:00:08]} 13. h3 {[%emt 0:00:02]} Ng4 {[%emt 0:00:01]} 14. hxg4 {[%emt 0:00:02]} hxg4 {[%emt 0:00:02]} 15. Nh2 {[%emt 0:00:01]} Nxe5 {[%emt 0:00:01]} 16. dxe5 {[%emt 0:00:03]} Qxe5 {[%emt 0:00:01]} 17. Bf4 {[%emt 0:00:02]} Qh5 {[%emt 0:00:03]} 18. Bxg4 {[%emt 0:00:01]} Qh4 {[%emt 0:00:02]} 19. Bh3 {[%emt 0:00:01]} g5 {[%emt 0:00:03]} 20. Be3 {[%emt 0:00:02]} g4 {[%emt 0:00:03]} 21. Nxg4 {[%emt 0:00:01]} Bd6 {[%emt 0:00:01]} 22. Bf4 {[%emt 0:00:04]} Bxf4 {[%emt 0:00:02]} 23. Rxf4 {[%emt 0:00:02]} Rdg8 {[%emt 0:00:01]} 24. Nf3 {[%emt 0:00:02]} e5 {[%emt 0:00:01]} 25. Nxh4 {[%emt 0:00:01]} Rxh4 {[%emt 0:00:01]} 26. Rf7 {[%emt 0:00:02]} Bxg4 {[%emt 0:00:02]} 27. Bxg4+ {[%emt 0:00:01]} Rhxg4 {[%emt 0:00:01]} 28. Qf5+ {[%emt 0:00:01]} Kb8 {[%emt 0:00:02]} 29. Qxe5+ {[%emt 0:00:01]} Ka8 {[%emt 0:00:01]} 30. Qc7 {[%emt 0:00:00]} Rxg2+ {[%emt 0:00:01]} 31. Kf1 {[%emt 0:00:02]} Rg1+ {[%emt 0:00:01]} 32. Kf2 {[%emt 0:00:01]} R8g2+ {[%emt 0:00:01]} 33. Ke3 {[%emt 0:00:01]} Rg3+ {[%emt 0:00:01]} 34. Kd4 {[%emt 0:00:01]} Rg4+ {[%emt 0:00:01]} 35. Kc5 {[%emt 0:00:01]} b6+ {[%emt 0:00:01]} 36. Kb4 {[%emt 0:00:01]} a5+ {[%emt 0:00:01]} 37. Kb5 {[%emt 0:00:01]} Rg7 {[%emt 0:00:02]} 38. Qb7# {[%emt 0:00:01] (Lag: Av=0.34s, max=1.8s)} 1-0

[Event "Stay Safe Play From Home 205"]
[Site "T#646634Emanuel Laske"]
[Date "2020.06.07"]
[Round "7"]
[White "Möwe"]
[Black "Cubail"]
[Result "1-0"]
[WhiteElo "1457"]
[BlackElo "1380"]
[Annotator "NA RC"]
[PlyCount "39"]
[EventDate "2020.06.07"]
[EventType "swiss (blitz)"]

1. e4 {[%emt 0:00:03]} f5 {[%emt 0:00:01]} 2. Nf3 {[%emt 0:00:00]} fxe4 {[%emt 0:00:02]} 3. Ng5 {[%emt 0:00:01]} Nf6 {[%emt 0:00:02]} 4. d3 {[%emt 0:00:02]} h6 {[%emt 0:00:01]} 5. Nxe4 {[%emt 0:00:02]} Nxe4 {[%emt 0:00:04]} 6. dxe4 {[%emt 0:00:00]} g6 {[%emt 0:00:02]} 7. Bd3 {[%emt 0:00:01]} Kf7 {[%emt 0:00:04]} 8. O-O {[%emt 0:00:02]} Kg7 {[%emt 0:00:03]} 9. f4 {[%emt 0:00:02]} e6 {[%emt 0:00:02]} 10. f5 {[%emt 0:00:01]} Bc5+ {[%emt 0:00:02]} 11. Kh1 {[%emt 0:00:02]} Qh4 {[%emt 0:00:04]} 12. fxg6 {[%emt 0:00:02]} Nc6 {[%emt 0:00:03]} 13. e5 {[%emt 0:00:04]} Nxe5 {[%emt 0:00:03]} 14. Nc3 {[%emt 0:00:06]} d5 {[%emt 0:00:04]} 15. Bf4 {[%emt 0:00:06]} Ng4 {[%emt 0:00:05]} 16. Bg3 {[%emt 0:00:01]} Qh5 {[%emt 0:00:05]} 17. h3 {[%emt 0:00:06]} Bd7 {[%emt 0:00:03]} 18. Rf7+ {[%emt 0:00:05]} Kg8 {[%emt 0:00:03]} 19. Rxd7 {[%emt 0:00:01]} Rf8 {[%emt 0:00:06]} 20. Qxg4 {[%emt 0:00:04] Time} 1-0